| 000 | 02630nam a2200325 i 4500 | ||
|---|---|---|---|
| 001 | 768714001 | ||
| 003 | CO-MdFUSB | ||
| 005 | 20240117154335.0 | ||
| 007 | ta | ||
| 008 | 920610t1992 ilu b 001 | eng | ||
| 020 | _a0830814116 | ||
| 040 |
_aDLC. _cCO-MdFUSB _dCO-MdFUSB _bspa _erda |
||
| 041 | _aeng | ||
| 082 |
_223 _a230.01 _bB652t |
||
| 100 | 1 |
_aBloesch, Donald G. ( _eautor |
|
| 245 | 1 | 2 |
_aA theology of word & spirit : _bauthority & method in theology / _cDonald G. Bloesch |
| 264 | 1 |
_aDowners Grove, Ill. : _bInterVarsity Press, _c[1992] |
|
| 264 | 4 | _c©1992 | |
| 300 |
_a336 páginas ; _c24 cm |
||
| 336 |
_2rdacontent _atexto _btxt |
||
| 337 |
_2rdamedia _asin mediación _bn |
||
| 338 |
_2rdacarrier _avolumen _bnc |
||
| 490 | 0 | _aChristian foundations | |
| 505 | _aIntroducción. Recuperación del dogma; Hacia la recuperación de la teología bíblica y evangélica -- El malestar teológico. El deslizamiento hacia el relativismo; ¿Un nuevo conflicto en la iglesia? -- Fe y filosofía. Fe y razón; teología y filosofía; Fe y metafísica; Fe y religión; Fe y ética; Más allá del fideísmo y el racionalismo; Apéndice A: Kierkegaard -- Lenguaje teológico. El enigma de la fe-lenguaje; Dialéctica y paradoja; Los nombres divinos; Resimbolizando a Dios; Palabras e imágenes; Apéndice B: sobre el significado -- Hacia la renovación de la teología. Teología definida; Dogma y doctrina; Dimensiones de una teología renovada; Los dos lados de la teología; El desafío hoy; Una aventura en la obediencia; Apéndice C: evangelio y kerygma; Apéndice D: ortodoxia -- Teología natural. Karl Barth y sus adversarios; El nuevo catolicismo; revelación general; Moral natural; Una teología de la creación; La teología natural hoy; Apéndice E: Thomas F. Torrance -- Repensar la autoridad teológica. lugares de autoridad; Términos absolutos y relativos; La naturaleza paradójica de la autoridad teológica; El terreno de la certeza; Misterio y significado; Apéndice F: el cuadrilátero wesleyano -- La comunicación del evangelio. Revelación y comunicación; Métodos cuestionables; Una alternativa bíblica; Una reevaluación de la apologética; Imperialismo religioso versus evangelismo -- La teología en la encrucijada. Cuatro opciones; Teología de la restauración; Teología de la acomodación; Teología de la correlación; Teología de la confrontación; Puntos de conflicto; Hacia un nuevo tipo de teología confesional; Voces discordantes | ||
| 563 | _aTapa dura | ||
| 650 | 7 |
_aTeología dogmática _2embne _96937 |
|
| 942 | _cBK | ||
| 945 | _aMag1104 | ||
| 999 |
_c68958 _d68958 |
||